000 00280nam a2200109Ia 4500
008 200302s9999 xx 000 0 und d
100 _aNeil Kagan
245 _aUnderstanding Science & Nature Animal Behavior
260 _bThe Time Inc. Book Co.
260 _c1992
300 _a152 P.,
999 _c1611
_d1611